000 00732nam a2200193 4500
001 148947
003 ES-MaACL
005 20230906202900.0
007 t|
008 070214s1949 sp r ||||1| spa d
100 1 _aSureda Carrión, José Luis.
_9108822
245 1 3 _aLa hacienda castellana y los economistas del siglo XVII /
_cJosé Luis Sureda Carrión.
260 _aMadrid :
_bInstituto de Economía Sancho Moncada,
_c1949.
300 _a244 p. ;
_c22 cm.
500 _aPrecede al tít.: Consejo Superior de Investigaciones Científicas.
710 2 _aInstituto de Economía "Sancho de Moncada"
_94867
710 2 _aConsejo Superior de Investigaciones Científicas (España)
_93236
852 _aES-MaACL
_jD-5841
_bR.31070
999 _c148947
_d148947